000 00433nam a2200193Ia 4500
005 20240823022739.0
008 240823s9999||||xx |||||||||||||| ||und||
020 _a81-7809-082-1
041 _aENGLISH
082 _A158 P1
100 _a"Moses,Barbara"
245 0 _aCareer Intelligence
250 _a1st
260 _c2001
_b"Magna,M"
_aMumbai
500 _aYES
650 _aWork
_bGeneral
942 _cBK
999 _c179905
_d179905